banner koha

O sistema de introducao e quarentena de plantas do Instituto Agronomico e os procedimentos necessarios ao intercambio de germoplasma (Registro n. 288363)

MARC details
000 -LÍDER
campo de controle de tamanho fixo 01117nac a22003617a 4500
001 - NÚMERO DE CONTROLE
campo de controle BR9704402
003 - IDENTIFICADOR DO NÚMERO DE CONTROLE
campo de controle BR-BrBNA
005 - DATA E HORÁRIO DA ÚLTIMA TRANSAÇÃO
campo de controle 20240105121938.0
008 - CAMPO DE DADOS FIXOS--INFORMAÇÃO GERAL
campo de controle de tamanho fixo 230509b bl.|||m| |||| 00| 0 por d
040 ## - FONTE DA CATALOGAÇÃO
Instituição da catalogação original BR-BrBNA
Idioma da catalogação por
Instituição que transcreveu o registro Biblioteca Nacional de Agricultura
072 ## - CÓDIGO DE CATEGORIA DE ASSUNTO
Código de Categoria de Assunto H01
090 ## - NÚMERO DE CHAMADA LOCAL
Número de chamada H01 BR9704402
100 1# - ENTRADA PRINCIPAL--NOME PESSOAL
Nome pessoal Veiga, R.F. de A.
100 1# - ENTRADA PRINCIPAL--NOME PESSOAL
Nome pessoal Germek, E.B.
100 1# - ENTRADA PRINCIPAL--NOME PESSOAL
Nome pessoal Faria, J.T. de
100 1# - ENTRADA PRINCIPAL--NOME PESSOAL
Nome pessoal Oliveira, W.R. de
100 1# - ENTRADA PRINCIPAL--NOME PESSOAL
Nome pessoal Nucci, T.A. de
100 1# - ENTRADA PRINCIPAL--NOME PESSOAL
Nome pessoal Coelho, S.M.B.M.
110 1# - ENTRADA PRINCIPAL--NOME CORPORATIVO
Nome corporativo ou nome da jurisdição Instituto Agronomico, Campinas, SP (Brasil)
245 1# - TÍTULO
Título O sistema de introducao e quarentena de plantas do Instituto Agronomico e os procedimentos necessarios ao intercambio de germoplasma
260 3# - PUBLICAÇÃO, DISTRIBUIÇÃO, ETC.
Local de publicação, distribuição, etc. Campinas, SP (Brasil):
Data da publicação, distribuição, etc. 1992.
300 ## - DESCRIÇÃO FÍSICA
Extensão 20 p.
490 ## - TÍTULO DA SÉRIE
Título da série Documentos IAC (Brazil)
Número do volume ou designação sequencial da série no. 28
ISSN - International Standard Serial Number ISSN 0102-4477
500 ## - NOTA GERAL
Nota geral Summaries (En, Pt); 20 ref.
650 ## - ASSUNTO--TERMO TÓPICO
Cabeçalho tópico ou nome geográfico Inspecao Sanitaria
650 ## - ASSUNTO--TERMO TÓPICO
Cabeçalho tópico ou nome geográfico Muda
650 ## - ASSUNTO--TERMO TÓPICO
Cabeçalho tópico ou nome geográfico Semente
650 ## - ASSUNTO--TERMO TÓPICO
Cabeçalho tópico ou nome geográfico Tuberculo
650 ## - ASSUNTO--TERMO TÓPICO
Cabeçalho tópico ou nome geográfico Quarentena
650 ## - ASSUNTO--TERMO TÓPICO
Cabeçalho tópico ou nome geográfico Germoplasma
909 ## -
-- 202312
-- Lúcia Elande
-- 55
-- Lúcia Elande
942 ## - ELEMENTOS DE ENTRADA ADICIONADOS (KOHA)
Fonte da classificação ou esquema de arquivamento na estante Classificação AGRIS
Ocultar no OPAC Não
Tipo de material Koha Monografia Seriada
Exemplares
Situação do descarte Fonte da classificação ou esquema de arquivamento na estante Situação física Não pode ser emprestado Coleção Biblioteca de origem Biblioteca atual Localização na estante Total de empréstimos Número de telefone completo Código de barras Data de último acesso Tipo de material Koha Fonte de aquisição
  Classificação AGRIS       Biblioteca Nacional de Agricultura - Binagri Biblioteca Nacional de Agricultura - Binagri Agrobase - Acervo Geral   H01 BR9704402 H01 BR9704402 18/12/2023 Monografia Seriada Portaria Interministerial nº 164/94

BINAGRI

Telefone: (61)3218-2567/2388/3357/2097 - binagri@agro.gov.br

Ministério da Agricultura e Pecuária , Esplanada dos Ministérios, Bloco D, Anexo B, Brasília/DF, CEP: 70.043-900